[Event "Warsaw Chess Open 2022 - A"]
[Site "Warsaw"]
[Date "1899-12-30"]
[Round "5.24"]
[White "Markuszewski, Maksymilian"]
[Black "Atkinson, Paul"]
[Result "1-0"]
[WhiteTitle ""]
[BlackTitle "CM"]
[WhiteElo "1931"]
[BlackElo "2116"]

1. d4 Nf6 2. c4 e6 3. Nf3 b6 4. g3 Bb7 5. Bg2 Bb4+ 6. Bd2 Be7 7. Nc3 Ne4 8. O-O
f5 9. Ne5 Nxc3 10. Bxc3 Bxg2 11. Kxg2 O-O 12. Qc2 Nc6 13. Nxc6 dxc6 14. Rad1 Qe8
15. f4 b5 16. b3 b4 17. Bb2 Bf6 18. e4 fxe4 19. Qxe4 Qd7 20. Rfe1 Rfe8 21. a4
a5 22. Bc1 Rad8 23. Be3 Re7 24. Qf3 Qd6 25. Qh5 Ra8 26. Bf2 g6 27. Qg4 Kf7 28.
Re4 Rd8 29. Rde1 Rde8 30. Qe2 Rd8 31. Kg1 Qd7 32. h3 Rde8 33. Kh2 Qd6 34. Qf3
Rd8 35. Re5 Kg7 36. Rxa5 Bxd4 37. Bxd4+ Qxd4 38. Rae5 Qb2+ 39. R5e2 Rd2 40. Rxd2
Qxd2+ 41. Qe2 Qd8 42. Qe5+ Kf7 43. Qe3 c5 44. Re2 Qd1 45. Kg2 c6 46. g4 Qd6 47.
Qe5 Qd3 48. f5 gxf5 49. gxf5 Qxb3 50. fxe6+ Kg6 51. Kh2 Qxc4 52. Rg2+ Kh6 53.
Qg5# 1-0

[Event "Warsaw Chess Open 2022 - A"]
[Site "Warsaw"]
[Date "1899-12-30"]
[Round "5.25"]
[White "Adamski, Adam"]
[Black "Pires, Emanuel Joao Robarts"]
[Result "0-1"]
[WhiteTitle "I"]
[BlackTitle "I++"]
[WhiteElo "1784"]
[BlackElo "2062"]

1. e4 d6 2. d4 Nf6 3. Nc3 g6 4. Nf3 Bg7 5. h3 Nc6 6. Be3 O-O 7. Be2 Re8 8. O-O
e5 9. dxe5 dxe5 10. Qxd8 Nxd8 11. Bc4 Be6 12. Bb3 a6 13. Rad1 b5 14. Nd5 Bxd5
15. exd5 Nb7 16. Rfe1 h6 17. Nh2 Rad8 18. Ng4 Nxg4 19. hxg4 Rd7 20. Rd2 Nd6 21.
Bc5 f5 22. Bxd6 cxd6 23. gxf5 gxf5 24. c4 Rc7 25. cxb5 axb5 26. Rc2 Rxc2 27. Bxc2
e4 28. g4 Rc8 29. Re2 fxg4 30. Bxe4 Rc1+ 31. Kg2 Be5 32. Rc2 Re1 33. Bg6 Kg7 34.
Bh5 Re4 35. f3 gxf3+ 36. Bxf3 Rh4 37. Kg1 Kf6 38. a3 b4 39. axb4 Rxb4 40. Re2
Kf5 41. Bh5 Bxb2 42. Kg2 Kg5 43. Bf7 Be5 44. Be6 h5 45. Rf2 Bf4 46. Rf3 Rd4 47.
Rh3 Rd2+ 48. Kg1 Be5 49. Rf3 Bf4 50. Rh3 Rb2 51. Rf3 h4 52. Kf1 Rb4 53. Kg2 Rd4
54. Kf1 Kf6 55. Kg2 Ke5 56. Kh3 Bg3 57. Kg2 Ke4 58. Rb3 Rd2+ 59. Kg1 Bf4 60. Ra3
Be3+ 61. Kh1 Kf3 62. Ra8 Rd1+ 63. Kh2 Bf4+ 64. Kh3 Rh1# 0-1

[Event "Warsaw Chess Open 2022 - A"]
[Site "Warsaw"]
[Date "1899-12-30"]
[Round "5.26"]
[White "Choroszej, Aleksander"]
[Black "Rejniak, Zuzanna"]
[Result "1-0"]
[WhiteTitle "k"]
[BlackTitle "k"]
[WhiteElo "2040"]
[BlackElo "1813"]

1. d4 Nf6 2. c4 e6 3. Nc3 Bb4 4. f3 c5 5. d5 d6 6. e4 a6 7. Nge2 O-O 8. Ng3 exd5
9. cxd5 Nbd7 10. Be2 b5 11. O-O c4 12. Be3 Bc5 13. Bxc5 Nxc5 14. b4 cxb3 15. axb3
b4 16. Nb5 Bb7 17. Nd4 g6 18. Qd2 Qb6 19. Kh1 Kh8 20. Bc4 a5 21. Qb2 Qd8 22. Rae1
Kg8 23. Qd2 Nfd7 24. Ne6 Nxe6 25. dxe6 Ne5 26. exf7+ Kg7 27. Qd4 Qf6 28. f4 Nxc4
29. e5 Nxe5 30. fxe5 dxe5 31. Rxe5 Rad8 32. Qa1 Qd6 33. Rd5+ 1-0

[Event "Warsaw Chess Open 2022 - A"]
[Site "Warsaw"]
[Date "1899-12-30"]
[Round "5.27"]
[White "Murchadha, Oissine"]
[Black "Yasmo, Daniil"]
[Result "0-1"]
[WhiteTitle "I"]
[BlackTitle ""]
[WhiteElo "1984"]
[BlackElo "1680"]

1. e4 e5 2. Bc4 Nc6 3. Nc3 Nf6 4. d3 Na5 5. Bb3 Nxb3 6. axb3 d5 7. Nf3 dxe4 8.
Nxe5 Bd6 9. Nc4 Bg4 10. Qd2 Bb4 11. O-O exd3 12. Qg5 Be7 13. Ne5 h6 14. Qf4 Be6
15. Nxd3 Bd6 16. Qf3 c6 17. h3 O-O 18. Bf4 Bd5 19. Nxd5 Nxd5 20. Rfd1 Nxf4 21.
Nxf4 Qf6 22. Nd3 Qxf3 23. gxf3 Rfe8 24. Re1 Kf8 25. f4 Rxe1+ 26. Rxe1 Re8 27.
Re3 Re7 28. Kg2 g6 29. Kf3 f6 30. b4 b6 31. c4 Kf7 32. c5 Bc7 33. Rxe7+ Kxe7 34.
Ke4 Ke6 35. b3 Bd8 36. Nb2 b5 37. Nd3 f5+ 38. Ke3 Bf6 39. Ne1 Kd5 40. Nc2 g5 41.
fxg5 hxg5 42. Kd3 Bb2 43. Ke3 Ke5 44. f4+ gxf4+ 45. Kf3 Bc1 46. h4 Bd2 47. h5
Kf6 48. Nd4 Bxb4 49. Kxf4 Bxc5 50. Nxf5 a5 51. h6 Kg6 52. Ke4 a4 53. bxa4 bxa4
54. h7 Kxh7 55. Kd3 Kg6 56. Ng3 Bb4 57. Kc4 c5 58. Ne2 Kf5 59. Nc1 Ke4 60. Na2
a3 61. Nc1 Ke3 62. Na2 Kd2 63. Kb3 Kd1 64. Nxb4 cxb4 65. Ka2 Kc2 66. Ka1 a2 0-1

[Event "Warsaw Chess Open 2022 - A"]
[Site "Warsaw"]
[Date "1899-12-30"]
[Round "5.28"]
[White "Ciechanski, Jacenty"]
[Black "Podgorski, Maciej"]
[Result "0-1"]
[WhiteTitle "CM"]
[BlackTitle "I++"]
[WhiteElo "2192"]
[BlackElo "1967"]

1. e4 e5 2. Nf3 Nc6 3. Bb5 a6 4. Ba4 Nf6 5. O-O Be7 6. Re1 b5 7. Bb3 O-O 8. c3
d5 9. d3 Be6 10. Nbd2 Bc5 11. exd5 Bxd5 12. Bxd5 Qxd5 13. Ne4 Nxe4 14. dxe4 Qxd1
15. Rxd1 Rad8 16. Bg5 f6 17. Bh4 Kf7 18. Kf1 a5 19. Ke2 a4 20. Rac1 Ke6 21. Ne1
Be7 22. f3 Na5 23. Bf2 c5 24. Nc2 Nc4 25. b3 axb3 26. axb3 Na5 27. Rb1 Rxd1 28.
Kxd1 Rd8+ 29. Ke2 b4 30. cxb4 cxb4 31. Bb6 Ra8 32. Ne3 Nc6 33. Nc4 Nd4+ 34. Bxd4
exd4 35. Kd3 Bc5 36. Rb2 Ra1 37. f4 f5 38. Nd2 Re1 39. Rc2 Re3+ 40. Kc4 Rc3+ 41.
Rxc3 bxc3 0-1

[Event "Warsaw Chess Open 2022 - A"]
[Site "Warsaw"]
[Date "1899-12-30"]
[Round "5.29"]
[White "Krasiewicz, Robert"]
[Black "Keely, Leo A"]
[Result "1-0"]
[WhiteTitle "k+"]
[BlackTitle ""]
[WhiteElo "1999"]
[BlackElo "1955"]

1. d4 Nf6 2. c4 g6 3. g3 Bg7 4. Bg2 O-O 5. Nf3 c6 6. O-O d5 7. b3 Ne4 8. Bb2 dxc4
9. bxc4 Qb6 10. Qc1 c5 11. e3 Nc6 12. Nc3 Nxc3 13. Qxc3 Rd8 14. Rad1 Bg4 15. Qa3
cxd4 16. exd4 Nxd4 17. Bxd4 Bxd4 18. Rxd4 Rxd4 19. Nxd4 Qxd4 20. Qxe7 Qxc4 21.
Qxb7 Rd8 22. Qxa7 Be2 23. Re1 Qc2 24. h3 Qd2 25. Rb1 Kg7 26. a3 Bd3 27. Rb4 Qe1+
28. Kh2 Bf1 29. Rf4 Rf8 30. Bd5 Qe8 31. a4 Kg8 32. a5 Bd3 33. Qb7 g5 34. Rf3 Bg6
35. a6 Bh5 36. g4 Qe5+ 37. Kg2 Bg6 38. a7 h5 39. a8=Q hxg4 40. Bxf7+ Kg7 41. Qxf8+
Kxf8 42. Qc8+ Ke7 43. Qe8+ Kd6 44. Qb8+ Kd7 45. Rd3+ Bxd3 46. Qxe5 gxh3+ 47. Kxh3
Bf1+ 48. Kg4 1-0

[Event "Warsaw Chess Open 2022 - A"]
[Site "Warsaw"]
[Date "1899-12-30"]
[Round "5.30"]
[White "Spicak, Krzysztof"]
[Black "Klim, Filip"]
[Result "0-1"]
[WhiteTitle "k"]
[BlackTitle "I++"]
[WhiteElo "1858"]
[BlackElo "1975"]

1. Nf3 Nf6 2. g3 g6 3. Bg2 Bg7 4. O-O O-O 5. d3 d5 6. Nbd2 c5 7. e4 Nc6 8. c3 d4
9. c4 e5 10. a3 Qd6 11. Ne1 Bd7 12. b4 cxb4 13. axb4 Nxb4 14. Ba3 a5 15. Qb3 Rfb8
16. Nc2 Bf8 17. Rfb1 Ra6 18. Nxb4 axb4 19. Bxb4 Qxb4 20. Qxb4 Bxb4 21. Nf3 Rxa1
22. Rxa1 Bd6 23. Ra5 b5 24. c5 Bxc5 25. Nxe5 Bd6 26. Nxd7 Nxd7 27. f4 b4 28. e5
b3 29. Bd5 b2 30. Ba2 b1=Q+ 31. Bxb1 Rxb1+ 32. Kf2 Bc5 33. Kf3 Re1 34. Ra8+ Kg7
35. Rc8 Re3+ 36. Kg2 Bb6 37. Rc6 Kf8 38. h3 Rxd3 39. e6 fxe6 40. Rxe6 Rd1 41.
g4 d3 0-1

[Event "Warsaw Chess Open 2022 - A"]
[Site "Warsaw"]
[Date "1899-12-30"]
[Round "5.31"]
[White "Kostecka, Marika"]
[Black "Pettersson, Alexander"]
[Result "1/2-1/2"]
[WhiteTitle "WCM"]
[BlackTitle "II+"]
[WhiteElo "1836"]
[BlackElo "1968"]

1. e4 c6 2. d4 d5 3. Nc3 dxe4 4. Nxe4 Nd7 5. Ng5 e6 6. Bd3 Ngf6 7. N1f3 Bd6 8.
Qe2 h6 9. Ne4 Nxe4 10. Qxe4 Nf6 11. Qe2 b6 12. Bd2 Bb7 13. O-O-O Qc7 14. Kb1 O-O-O
15. c4 c5 16. Bc3 Kb8 17. Rhe1 Ka8 18. g3 Rhg8 19. Bc2 Rc8 20. dxc5 Bxc5 21. Ne5
Rgd8 22. f4 Bf8 23. h3 Qe7 1/2-1/2

[Event "Warsaw Chess Open 2022 - A"]
[Site "Warsaw"]
[Date "1899-12-30"]
[Round "5.32"]
[White "Khamidov, Abdulla"]
[Black "Zalega, Maciej"]
[Result "0-1"]
[WhiteTitle ""]
[BlackTitle "I+"]
[WhiteElo "1834"]
[BlackElo "1912"]

1. e4 c5 2. Nf3 d6 3. d4 cxd4 4. Nxd4 Nf6 5. Nc3 Nc6 6. Bg5 Bd7 7. Qd2 Rc8 8. Be2
Nxd4 9. Qxd4 Qa5 10. Bd2 a6 11. O-O Qc5 12. Qd3 b5 13. a3 Be6 14. Be3 Qc6 15.
Bd4 Bc4 16. Qe3 Bxe2 17. Qxe2 e5 18. Ba7 Rc7 19. Qe3 Rb7 20. a4 b4 21. Nd5 Nxd5
22. exd5 Qc7 23. Bd4 Be7 24. Qg3 O-O 25. Be3 Qxc2 26. Bc1 Bf6 27. h4 Qf5 28. Be3
Rc7 29. Rac1 Rfc8 30. Bd2 Rxc1 31. Bxc1 Rc4 32. Qe3 h6 33. Qb6 Rxh4 34. Qxa6 Qh5
35. Qc8+ Kh7 36. Qc2+ g6 37. f3 Rh1+ 38. Kf2 Rxf1+ 39. Kxf1 Qh1+ 40. Kf2 Bh4+
41. Ke2 Qxg2+ 42. Kd3 Qf1+ 43. Qe2 Qxc1 44. a5 Qc5 45. Qe4 Bf2 46. f4 f5 47. Qg2
e4+ 48. Kd2 Qe3+ 0-1

[Event "Warsaw Chess Open 2022 - A"]
[Site "Warsaw"]
[Date "1899-12-30"]
[Round "5.33"]
[White "Celinski, Kamil"]
[Black "Siekanska, Maria"]
[Result "1-0"]
[WhiteTitle "I++"]
[BlackTitle "k+"]
[WhiteElo "1876"]
[BlackElo "1964"]

1. c4 e6 2. g3 d5 3. Bg2 c5 4. Nf3 Nf6 5. O-O Nc6 6. b3 d4 7. Bb2 e5 8. d3 Bd6
9. Nbd2 O-O 10. e3 Bg4 11. h3 Bf5 12. e4 Bd7 13. Nh4 g6 14. Bc1 a6 15. Ndf3 Qc7
16. Bh6 Rfe8 17. Nh2 Be7 18. f4 Nh5 19. Qe1 Bxh4 20. gxh4 Nxf4 21. Rxf4 exf4 22.
Qd2 f5 23. Bxf4 Qc8 24. h5 Ne5 25. Re1 Nf7 26. hxg6 hxg6 27. Qf2 fxe4 28. Qg3
Kg7 29. dxe4 Bc6 30. Ng4 Qe6 31. h4 Bd7 32. Bh3 Qb6 33. h5 Re7 34. e5 Bf5 35.
Nf6 Qe6 36. Bg2 Nh8 37. Bd5 Qb6 38. Qg5 Nf7 39. Bxf7 Kxf7 40. Nd5 Qe6 41. hxg6+
Bxg6 42. Nxe7 Qxe7 43. e6+ 1-0

[Event "Warsaw Chess Open 2022 - A"]
[Site "Warsaw"]
[Date "1899-12-30"]
[Round "5.34"]
[White "Bogusz, Alan"]
[Black "Yunusov, Mukhammad"]
[Result "1/2-1/2"]
[WhiteTitle "I"]
[BlackTitle ""]
[WhiteElo "1794"]
[BlackElo "1874"]

1. e4 c5 2. Nf3 e6 3. d4 cxd4 4. Nxd4 Nf6 5. Bd3 Nc6 6. Nxc6 bxc6 7. O-O d6 8.
Nc3 e5 9. h3 Be7 10. Ne2 d5 11. Ng3 O-O 12. Qe2 Re8 13. b3 Bf8 14. Kh1 Qc7 15.
Qf3 dxe4 16. Nxe4 Nxe4 17. Bxe4 Bb7 18. Bb2 g6 19. g4 Bg7 20. Ba3 Qa5 21. Bb2
Rab8 22. Rfd1 Qc7 23. Ba3 c5 24. c4 Bxe4 25. Qxe4 Qa5 26. Bc1 Rbd8 27. Rxd8 Qxd8
28. Be3 Qh4 29. Kg2 f5 30. Qd5+ Kh8 31. Rh1 fxg4 32. Bxc5 e4 33. Bd4 gxh3+ 34.
Rxh3 Qg4+ 35. Rg3 Qe6 36. Bxg7+ Kxg7 37. Qxe6 Rxe6 38. Re3 Kf6 39. Kg3 Kf5 40.
f3 exf3 41. Rxe6 Kxe6 42. Kxf3 1/2-1/2

[Event "Warsaw Chess Open 2022 - A"]
[Site "Warsaw"]
[Date "1899-12-30"]
[Round "6.1"]
[White "Yezhel, Valiantsin"]
[Black "Janik, Igor"]
[Result "0-1"]
[WhiteTitle ""]
[BlackTitle "GM"]
[WhiteElo "2248"]
[BlackElo "2519"]

1. d4 g6 2. c4 Bg7 3. Nc3 c5 4. Nf3 cxd4 5. Nxd4 Nc6 6. Nc2 Bxc3+ 7. bxc3 Qa5 8.
Qd3 d6 9. e4 f5 10. Be3 Nf6 11. Nd4 Nxe4 12. Nxc6 bxc6 13. f3 Nc5 14. Qd4 O-O
15. h4 f4 16. Bd2 Nb3 17. axb3 Qxa1+ 18. Kf2 Qa5 19. c5 Be6 20. cxd6 exd6 21.
Bxf4 Rxf4 22. Qxf4 Qc5+ 23. Qe3 Qxe3+ 24. Kxe3 Bxb3 25. Ba6 Re8+ 26. Kd2 Be6 27.
Rb1 Kf7 28. Rb7+ Re7 29. Rb8 Kf6 30. c4 Kf5 31. g3 Ke5 32. Ke3 d5 33. cxd5 Bxd5
34. Bd3 Kd6+ 35. Be4 Kc7 36. Rh8 Kb6 37. Kd4 Rd7 38. Rb8+ Kc7 39. Rh8 Bxe4+ 40.
Kxe4 Kb7 41. h5 gxh5 42. f4 a5 43. Ke5 a4 44. Kf6 a3 45. Re8 Kb6 46. Re1 Kb5 47.
f5 a2 48. Ke6 Ra7 49. Ra1 Kb4 50. f6 Kb3 51. f7 Ra8 52. Rf1 c5 53. Rf3+ Kb4 54.
Rf1 c4 55. Kf6 c3 56. Kg7 Kb3 57. f8=R Rxf8 58. Kxf8 Kb2 0-1

[Event "Warsaw Chess Open 2022 - A"]
[Site "Warsaw"]
[Date "1899-12-30"]
[Round "6.2"]
[White "Antolak, Julia"]
[Black "Pacan-milej, Kosma"]
[Result "1/2-1/2"]
[WhiteTitle "WGM"]
[BlackTitle "FM"]
[WhiteElo "2399"]
[BlackElo "2412"]

1. e4 c6 2. Nc3 d5 3. Nf3 Bg4 4. h3 Bxf3 5. Qxf3 e6 6. Be2 Bc5 7. O-O Nd7 8. Qg3
Bd4 9. exd5 exd5 10. Bd1 Ne7 11. Ne2 Be5 12. Qf3 O-O 13. d4 Bd6 14. c3 Qc7 15.
Bc2 Rae8 16. Bg5 Ng6 17. Ng3 Bf4 18. Bxf4 Qxf4 19. Qxf4 Nxf4 20. Rae1 g6 21. Re3
Nf6 22. Rfe1 Re6 23. Nf1 Rfe8 24. Kh2 Kg7 25. g3 Rxe3 26. Rxe3 Rxe3 27. fxe3 Ne6
28. Nd2 h5 29. c4 c5 30. dxc5 dxc4 31. Nxc4 Nxc5 32. b4 Ne6 33. Bb3 Kf8 34. Nd6
Nd8 35. Kg2 a6 36. Kf3 Ke7 37. Nc8+ Kd7 38. Nb6+ Kd6 39. Nc4+ Ke6 40. a3 Nd7 41.
Kf4 Nf6 42. Na5+ Ke7 43. e4 Nd7 44. Bd5 b6 45. Nc4 Ne6+ 46. Ke3 Kf6 47. Bb7 b5
48. Nd2 Nb8 49. Nf3 Nd8 50. Bc8 Ndc6 51. Kf4 Ke7 52. e5 a5 53. bxa5 Nxa5 54. Nd4
Kd8 55. Nxb5 Kxc8 56. Nd6+ Kd7 57. Nxf7 Ke6 58. Nh8 Nc4 59. Nxg6 Nxa3 60. Kg5
Nc4 61. Kxh5 Nd7 62. h4 Ncxe5 63. Nxe5 Nxe5 64. Kg5 Nf7+ 65. Kg6 Ne5+ 66. Kg7
Kf5 67. h5 Ng4 68. h6 Nxh6 69. Kxh6 Kg4 70. Kg6 Kxg3 1/2-1/2

[Event "Warsaw Chess Open 2022 - A"]
[Site "Warsaw"]
[Date "1899-12-30"]
[Round "6.3"]
[White "Nguyen, Piotr"]
[Black "Fus, Jakub"]
[Result "1/2-1/2"]
[WhiteTitle "IM"]
[BlackTitle "FM"]
[WhiteElo "2404"]
[BlackElo "2389"]

1. Nf3 d5 2. d4 Nf6 3. g3 g6 4. Bg2 Bg7 5. O-O c6 6. c4 O-O 7. b3 Bf5 8. Bb2 Nbd7
9. e3 Rc8 10. Qe2 Ne4 11. Rc1 Bg4 12. Qc2 Bf5 13. Qe2 Re8 14. Nc3 Ndf6 15. Na4
Ng4 16. Rf1 b5 17. Nc3 bxc4 18. bxc4 dxc4 19. Qxc4 c5 20. Nxe4 cxd4 21. Nc5 Qb6
22. Bxd4 e5 23. Nxe5 Rxe5 24. Rac1 Bf8 25. Bd5 Re7 26. Qb3 Rd8 27. h3 Ne5 28.
Bg2 Bg7 29. Nb7 Qxb3 30. axb3 Rb8 31. Na5 Rb5 32. Ra1 Be6 33. Ra3 Rc7 34. Rfa1
Bf8 35. R3a2 Bg7 36. Kh2 h5 37. Be4 Bf5 38. Bg2 Be6 39. Ra3 Rc2 40. R1a2 Rc7 41.
f4 Nd7 42. Nc6 Rxb3 43. Rxb3 Bxb3 44. Rxa7 Rxa7 45. Bxa7 Bc3 46. Bf3 Be1 47. Kg2
Bc4 48. Bd4 f6 49. g4 hxg4 50. hxg4 Kf7 51. Be4 Bd2 52. Kf3 Be1 53. Nd8+ Ke7 54.
Nc6+ Kf7 55. Na7 Bb4 56. Bc6 Nf8 57. e4 Ne6 58. Be3 f5 59. exf5 gxf5 60. gxf5
Ng7 61. Be4 Bb3 62. Nc6 Bc3 63. Bb6 Bd1+ 64. Ke3 Bg4 65. Nd4 Bxd4+ 66. Kxd4 Bxf5
67. Bf3 Bc8 68. Ke5 Be6 69. Bd8 Bd7 70. Bf6 Bc8 71. Bc6 Bg4 72. Be4 Bc8 73. Bg5
Bg4 74. Bh6 Bc8 75. Bd3 Bg4 76. Bb5 Kg6 77. Bg5 Kf7 78. Bf6 Bc8 79. Bc4+ Be6 80.
Bd3 Bc8 81. Be4 Bg4 82. Bd5+ Kg6 83. Be7 Nh5 84. Bc6 Ng7 85. Bd5 Bh3 86. Bf8 Bg4
87. Bc4 Bh3 88. Be2 Bc8 89. Kd6 Nh5 90. Ke5 Ng7 91. Bf3 Kf7 92. Bc5 Bh3 93. Bd4
Be6 94. Be4 Bg4 95. Kd5 Be6+ 96. Ke5 Bg4 97. Bc3 Bh3 98. Kd6 Nf5+ 99. Ke5 Ng7
100. Be1 Bg4 101. Bh4 Bh3 102. Bf6 Bg4 103. Bd5+ Kg6 104. Bxg7 Kxg7 105. Be6 Bd1
106. f5 Kf8 107. f6 Bh5 108. f7 Bg6 109. Kf6 Bxf7 110. Bxf7 1/2-1/2

[Event "Warsaw Chess Open 2022 - A"]
[Site "Warsaw"]
[Date "1899-12-30"]
[Round "6.5"]
[White "Jarmula, Lukasz"]
[Black "Terzi, Alexei"]
[Result "1/2-1/2"]
[WhiteTitle "GM"]
[BlackTitle "FM"]
[WhiteElo "2452"]
[BlackElo "2286"]

1. d4 Nf6 2. Nf3 g6 3. Bf4 Bg7 4. c3 O-O 5. Nbd2 d5 6. h3 b6 7. e3 Bb7 8. a4 c5
9. a5 Nc6 10. a6 Bc8 11. Bb5 Bd7 12. Bd3 Qc8 13. Qb1 Rd8 14. Ne5 Nxe5 15. dxe5
Ne8 16. h4 Bf5 17. h5 Bxd3 18. Qxd3 Nc7 19. Nf3 Ne6 20. c4 Qc6 21. hxg6 hxg6 22.
Bh6 Bxh6 23. Rxh6 Kg7 24. Rh3 dxc4 25. Qxc4 Rh8 26. Rxh8 Rxh8 27. Ke2 b5 28. Qc2
Rd8 29. Kf1 Qd5 30. Kg1 Qd3 31. Qc1 c4 32. Qc3 Qxc3 33. bxc3 Rd3 34. Rc1 Kf8 35.
Nd4 Nxd4 36. exd4 Ke8 37. Rb1 Rxc3 38. Rxb5 Ra3 39. Rc5 Rxa6 40. Rxc4 Kd7 41.
d5 Ra5 42. Rd4 e6 43. dxe6+ Kxe6 44. f4 Rd5 45. Rc4 Rd7 46. Rc6+ Kd5 47. Ra6 Re7
48. Kf2 Kc5 49. Ra1 Kb4 50. Rb1+ Kc4 51. Ra1 Kb4 52. Rb1+ 1/2-1/2

[Event "Warsaw Chess Open 2022 - A"]
[Site "Warsaw"]
[Date "1899-12-30"]
[Round "6.6"]
[White "Psyk, Radoslaw"]
[Black "Ceponis, Tadas"]
[Result "1-0"]
[WhiteTitle "k++"]
[BlackTitle ""]
[WhiteElo "2411"]
[BlackElo "2093"]

1. e4 c6 2. d4 d5 3. Nd2 dxe4 4. Nxe4 Bf5 5. Nc5 b6 6. Nb3 e6 7. Nf3 Bd6 8. g3
Nf6 9. Bg2 O-O 10. O-O a5 11. a4 Ra7 12. Qe2 Bg4 13. Re1 Qc8 14. Nbd2 Nd5 15.
Nc4 Be7 16. Nce5 Bxf3 17. Bxf3 Bf6 18. c3 Nd7 19. Ng4 Bd8 20. h4 Re8 21. h5 f5
22. Ne3 Nxe3 23. Bxe3 Nf6 24. Bf4 Nd5 25. Be5 Bc7 26. Qc4 Qd7 27. Bxc7 Rxc7 28.
Re5 h6 29. Rae1 Qd6 30. Rxf5 Rf8 31. Rxe6 Qxe6 32. Bxd5 cxd5 33. Rxf8+ Kxf8 34.
Qxc7 Kg8 35. Qb8+ Kh7 36. Qe5 Qc6 37. Kg2 b5 38. Qf5+ Kg8 39. Qg6 Qd7 40. Qb6
bxa4 41. Qxa5 Qc6 42. Qc5 Qe6 43. Qb5 Qe4+ 44. Kh2 Qf5 45. Qe8+ Kh7 46. Qe2 Qd7
47. Kg2 Qc6 48. g4 Kh8 49. Qd2 Qd7 50. f3 Qb5 51. Kg3 Qb8+ 52. Kf2 Qe8 53. Qe2
Qb8 54. Kg2 Qb3 55. Kg3 Qb8+ 56. f4 Qc8 57. Kf3 Qd7 58. Ke3 Qb7 59. Qc2 Qe7+ 60.
Kd2 Qh4 61. Qxa4 Qf2+ 62. Kc1 Qxf4+ 63. Kb1 Qxg4 64. Qe8+ Kh7 65. Ka2 Qf5 66.
Ka3 Qd3 67. Qc6 Qf5 68. b4 Qxh5 69. b5 Qh1 70. b6 Qa1+ 71. Kb4 Qb2+ 72. Ka5 Qa3+
73. Kb5 Qb3+ 74. Ka6 h5 75. b7 h4 76. Ka7 Qa3+ 77. Qa6 Qe7 78. Ka8 h3 79. Qd3+
1-0

[Event "Warsaw Chess Open 2022 - A"]
[Site "Warsaw"]
[Date "1899-12-30"]
[Round "6.7"]
[White "Sieciechowicz, Marcin"]
[Black "Chyzy, Jakub"]
[Result "1-0"]
[WhiteTitle "IM"]
[BlackTitle "FM"]
[WhiteElo "2383"]
[BlackElo "2230"]

1. d4 e6 2. c4 b6 3. Nc3 Bb4 4. e3 Bxc3+ 5. bxc3 Bb7 6. Nf3 f5 7. Bd3 Nf6 8. O-O
O-O 9. Qc2 Ne4 10. Nd2 Qh4 11. f3 Ng5 12. Qd1 Rf6 13. Qe1 Qh5 14. e4 f4 15. h4
Nf7 16. e5 Rh6 17. Ne4 Qxh4 18. Qxh4 Rxh4 19. Bd2 d6 20. exd6 cxd6 21. Rfe1 Nd7
22. Nf2 e5 23. Bf5 Nf8 24. a4 Rh5 25. Bg4 Rg5 26. Nh3 Rg6 27. a5 Rf6 28. axb6
axb6 29. Rxa8 Bxa8 30. Ra1 Bc6 31. d5 Bd7 32. Bxd7 Nxd7 33. Ra7 Nf8 34. Be1 e4
35. Bh4 Rf5 36. fxe4 Re5 37. Bf2 h6 38. Bxb6 Rxe4 39. c5 Ne5 40. c6 Re1+ 41. Kf2
Nd3+ 42. Kf3 Ng6 43. Bd4 Ne7 44. Ra8+ Kf7 45. c7 g5 46. c8=Q Nxc8 47. Rxc8 Ne5+
48. Bxe5 dxe5 49. Rc6 Re3+ 50. Kg4 Rg3+ 51. Kf5 f3 52. Rc7+ Kg8 53. gxf3 1-0

[Event "Warsaw Chess Open 2022 - A"]
[Site "Warsaw"]
[Date "1899-12-30"]
[Round "6.8"]
[White "Czernek, Tymon"]
[Black "Poltorak, Sebastian"]
[Result "1/2-1/2"]
[WhiteTitle "FM"]
[BlackTitle "FM"]
[WhiteElo "2188"]
[BlackElo "2322"]

1. e4 e6 2. d4 d5 3. Nc3 dxe4 4. Nxe4 Nd7 5. Nf3 Ngf6 6. Bd3 c5 7. Nxf6+ Nxf6 8.
O-O Qb6 9. c3 Bd7 10. dxc5 Bxc5 11. Ne5 Rd8 12. Nxd7 Rxd7 13. Bg5 h6 14. Bh4 g5
15. Bg3 Ke7 16. Be5 Bd6 17. Bd4 Bc5 18. Be5 Bd6 19. Bd4 Bc5 20. Be5 1/2-1/2

[Event "Warsaw Chess Open 2022 - A"]
[Site "Warsaw"]
[Date "1899-12-30"]
[Round "6.9"]
[White "Dubnevych, Maksym"]
[Black "Sriram, Jha"]
[Result "1/2-1/2"]
[WhiteTitle ""]
[BlackTitle "GM"]
[WhiteElo "2131"]
[BlackElo "2361"]

1. d4 d5 2. c4 c6 3. Nf3 Nf6 4. Nc3 dxc4 5. a4 Bf5 6. e3 e6 7. Bxc4 Bb4 8. O-O
O-O 9. Qe2 Bg6 10. Rd1 Nbd7 11. h3 Qc7 12. Bd3 Bxd3 13. Qxd3 Rad8 14. Ne4 c5 15.
Bd2 Bxd2 16. Rxd2 cxd4 17. Nxd4 Nxe4 1/2-1/2

[Event "Warsaw Chess Open 2022 - A"]
[Site "Warsaw"]
[Date "1899-12-30"]
[Round "6.10"]
[White "Malek, Jan"]
[Black "Padalka, Artem"]
[Result "0-1"]
[WhiteTitle "k++"]
[BlackTitle ""]
[WhiteElo "2320"]
[BlackElo "2204"]

1. e4 c5 2. Nf3 g6 3. c3 Bg7 4. d4 Qc7 5. Bd3 d6 6. h3 Nf6 7. O-O O-O 8. Bf4 Nh5
9. Bh2 e5 10. Na3 Nc6 11. Nb5 Qe7 12. d5 Nb8 13. a4 Bh6 14. Re1 Bf4 15. Bf1 Bxh2+
16. Kxh2 Nd7 17. Qd2 a6 18. Na3 f5 19. Qg5 Qg7 20. exf5 Rxf5 21. Qe3 Qf8 22. Nc4
Nf4 23. Red1 Rb8 24. Ng1 b5 25. axb5 axb5 26. Na5 Nf6 27. c4 bxc4 28. Bxc4 Rxb2
29. Ra2 Rh5 30. Rxb2 Ng4+ 31. Kh1 Nxe3 32. fxe3 Bxh3 33. gxh3 Nxh3 34. Rdb1 Nf2+
35. Kg2 Rg5+ 36. Kf1 Nd3+ 37. Ke2 Nxb2 38. Kd2 Nxc4+ 39. Nxc4 Rxg1 0-1

[Event "Warsaw Chess Open 2022 - A"]
[Site "Warsaw"]
[Date "1899-12-30"]
[Round "6.11"]
[White "Mickiewicz, Piotr"]
[Black "Tytynnik, Artem"]
[Result "1-0"]
[WhiteTitle "m"]
[BlackTitle "FM"]
[WhiteElo "2284"]
[BlackElo "2186"]

1. Nf3 d5 2. c4 e6 3. g3 Nf6 4. Bg2 Be7 5. b3 O-O 6. O-O b6 7. Bb2 Bb7 8. e3 c5
9. Qe2 Nc6 10. Rd1 Qc7 11. Nc3 Rfd8 12. cxd5 Nxd5 13. Nxd5 Rxd5 14. d4 Rd7 15.
dxc5 Bxc5 16. Rxd7 Qxd7 17. Ng5 h6 18. Ne4 Bf8 19. Qg4 Qe7 20. Bf6 Qa3 21. Rd1
Na5 22. Nd6 Bxg2 23. Kxg2 h5 24. Qf3 Rb8 25. Be5 f6 26. Nb5 Qb4 27. Bxb8 Qxb5
28. Rd8 Nc6 29. a4 Qc5 30. Bd6 1-0

[Event "Warsaw Chess Open 2022 - A"]
[Site "Warsaw"]
[Date "1899-12-30"]
[Round "6.12"]
[White "Danielyan, Vahe"]
[Black "Gradalski, Olaf"]
[Result "1-0"]
[WhiteTitle "IM"]
[BlackTitle "k"]
[WhiteElo "2295"]
[BlackElo "2049"]

1. e4 c6 2. d4 d5 3. exd5 cxd5 4. Bd3 Nf6 5. c3 Bg4 6. Qb3 Qc7 7. h3 Bd7 8. Ne2
Nc6 9. Bf4 e5 10. dxe5 Nxe5 11. Bxe5 Qxe5 12. Nd2 Bc5 13. Nf3 Qd6 14. Bb5 O-O
15. Bxd7 Nxd7 16. O-O Ne5 17. Nfd4 Rfe8 18. Rad1 Rad8 19. Ng3 g6 20. Rfe1 Bxd4
21. cxd4 Nc6 22. Qxb7 Rxe1+ 23. Rxe1 Rb8 24. Qa6 Rxb2 25. Qc8+ Kg7 26. Qg4 Qb8
27. Nh5+ Kh8 28. Nf6 Rb1 29. Rxb1 Qxb1+ 30. Kh2 Qb8+ 31. Qg3 Qxg3+ 32. Kxg3 Nb4
33. a3 Nc2 34. Nxd5 Nxa3 35. Kf4 Kg7 36. Ke4 Nb5 37. g4 f6 38. Ne3 Kf7 39. Kd5
Ke7 40. Kc5 Nc3 41. Kc6 a5 42. d5 Ne4 43. Nc4 a4 44. Kc7 Ke8 45. Na3 Nc3 46. d6
Nd5+ 47. Kc8 Nb6+ 48. Kb7 Nd5 49. Kc6 Nb4+ 50. Kb5 Nd3 51. Kc6 Kd8 52. Nb5 Ne5+
53. Kd5 Kd7 54. g5 Nf7 55. gxf6 a3 56. Nxa3 Nxd6 57. Nc2 Ne8 58. Ke5 Nd6 59. Ne3
Nf7+ 60. Kd5 Ng5 61. h4 Nf3 62. Ng4 Ke8 63. Ne5 Nxe5 64. Kxe5 Kf7 65. f3 h6 66.
f4 Kf8 67. Ke6 Ke8 68. f7+ Kf8 69. Kf6 g5 70. fxg5 hxg5 71. h5 1-0

[Event "Warsaw Chess Open 2022 - A"]
[Site "Warsaw"]
[Date "1899-12-30"]
[Round "6.13"]
[White "Meers, Hubert"]
[Black "Rudolf, Michal"]
[Result "1-0"]
[WhiteTitle "k"]
[BlackTitle "FM"]
[WhiteElo "2003"]
[BlackElo "2361"]

1. e4 e6 2. d4 d5 3. exd5 exd5 4. Bd3 Nc6 5. c3 Bd6 6. Qf3 Nge7 7. Ne2 Be6 8. O-O
Qd7 9. h3 Bf5 10. Bf4 Bxd3 11. Qxd3 O-O-O 12. Bxd6 Qxd6 13. Nd2 Qg6 14. Qxg6 Nxg6
15. Rfe1 Rhe8 16. Nf3 Kd7 17. Kf1 a5 18. a4 Rb8 19. Nc1 Rxe1+ 20. Nxe1 b6 21.
Ncd3 Kd6 22. Nc2 Nce7 23. b4 Ra8 24. Ke2 Nf5 25. g3 f6 26. Kd2 Kc6 27. Ne3 Nxe3
28. Kxe3 Kd6 29. h4 Ne7 30. b5 c6 31. bxc6 Rc8 32. Rb1 Rxc6 33. Rb3 Kc7 34. Nb2
Nf5+ 35. Kd3 Nd6 36. Nd1 h5 37. Ne3 Nf5 1-0

[Event "Warsaw Chess Open 2022 - A"]
[Site "Warsaw"]
[Date "1899-12-30"]
[Round "6.14"]
[White "Sliwerski, Radoslaw"]
[Black "Karolczuk, Iwo"]
[Result "0-1"]
[WhiteTitle "k++"]
[BlackTitle "FM"]
[WhiteElo "1951"]
[BlackElo "2319"]

1. d4 Nf6 2. c4 e6 3. Nc3 Bb4 4. f3 c5 5. d5 d6 6. e4 b5 7. Bd2 Bxc3 8. Bxc3 b4
9. Bd2 exd5 10. cxd5 O-O 11. Be3 Re8 12. Ne2 Nbd7 13. Ng3 Nb6 14. Bb5 Bd7 15.
Bxd7 Qxd7 16. Kf2 Rf8 17. Nf5 Nfxd5 18. Bg5 f6 19. Bh4 g6 20. Nh6+ Kg7 21. Qd2
Ne7 22. Ng4 Ng8 23. Rhd1 Rad8 24. Bg3 Rf7 25. Qxd6 Qxd6 26. Rxd6 Rc8 27. e5 Nc4
28. exf6+ Nxf6 29. Rxf6 Rxf6 30. b3 Re6 31. bxc4 Rd8 32. Bf4 h5 33. Ne3 Rd2+ 34.
Kg3 Re2 35. a3 b3 36. Nd5 Re1 37. Bc1 R6e2 38. Nc3 Rc2 39. Bb2 Rxa1 40. Bxa1 b2
41. Bxb2 Rxb2 42. Na4 Rc2 43. Nxc5 Rxc4 44. Ne4 Ra4 0-1